000 00289nam a22001337a 4500
008 181018b xxu||||| |||| 00| 0 eng d
020 _a0470756799
041 _aeng
080 _a610
100 _a4
101 _aSHM
245 _aObese Humans and Rats
_cSchachter, S
942 _2udc
_cBK
999 _c50165
_d50165